| 000 | 01145nam a2200313 i 4500 | ||
|---|---|---|---|
| 001 | 19260 | ||
| 003 | ES-MaACL | ||
| 005 | 20240525062941.0 | ||
| 007 | t| | ||
| 008 | 011211r20011971sp f e |||| | spa j | ||
| 017 |
_aM 42154-2001 _bOficina Depósito Legal Madrid |
||
| 020 | _a8441410003 | ||
| 040 | _cES-MaACL | ||
| 080 | _a372.4(07) | ||
| 100 | 1 |
_aÁlvarez Pérez, Antonio, _920912 _d1921-2003 _eaut |
|
| 245 | 1 | 0 |
_aEnciclopedia Álvarez : _biniciación profesional / _cAntonio Álvarez. |
| 260 |
_aMadrid : _bEDAF, _c2001. |
||
| 300 |
_a1027 páginas, [20] páginas de láminas : _bilustraciones ; _c22 cm. |
||
| 490 | 1 | _aBiblioteca del recuerdo Edaf | |
| 534 |
_pReprod. facs. de. _tEnciclopedia intuitiva, sintética, práctica, _cValladolid : Miñón, 1971. |
||
| 650 | 1 | 4 |
_aEnseñanza primaria- _vLibros escolares. _912307 |
| 650 | 1 | 7 |
_aEnciclopedias infantiles y juveniles _9156655 |
| 655 | 7 |
_2tgfbne _9226844 _aEnciclopedias |
|
| 830 | 0 |
_aBiblioteca del recuerdo Edaf _9228871 |
|
| 852 |
_aES-MaACL _cDEPO2 _jL-25695 |
||
| 942 |
_cMONOGRAFIA _n0 |
||
| 999 |
_c19260 _d19260 |
||